Top 100 des plus grandes villes d’Ukraine - Statistiques

Statistiques générales
  • Ce quiz a été pris 22 fois
  • Le résultat moyen est 8 sur 100
Statistiques - réponses
Population Villes % Correct
2 935 239 Kiev
100%
1 401 558 Kharkiv
89%
892 980 Donetsk
84%
710 606 Lviv
84%
394 202 Louhansk
63%
422 286 Marioupol
58%
340 735 Sébastopol
53%
706 116 Zaporijia
53%
968 502 Dnipro
47%
275 529 Kherson
21%
35 162 Boutcha
11%
37 493 Pokrov
11%
63 437 Pokrovsk
11%
103 029 Sloviansk
11%
367 901 Vinnytsia
11%
105 580 Altchevsk
5%
34 938 Avdiivka
5%
106 526 Berdiansk
5%
44 979 Izioum
5%
602 390 Kryvyï Rih
5%
337 277 Makiïvka
5%
102 373 Pavlohrad
5%
272 572 Poltava
5%
276 927 Tchernihiv
5%
82 395 Tchervonograd
5%
223 522 Ternopil
5%
54 640 Antratsyt
0%
73 046 Berdytchiv
0%
57 210 Bilhorod-Dnistrovskyï
0%
35 411 Boïarka
0%
64 117 Boryspil
0%
44 760 Brianka
0%
109 154 Brovary
0%
49 482 Chakhtarsk
0%
41 415 Chepetivka
0%
76 788 Chostka
0%
36 901 Doubno
0%
59 400 Droujkivka
0%
53 567 Enerhodar
0%
45 907 Fastiv
0%
33 478 Hloukhiv
0%
56 806 Irpine
0%
71 411 Izmaïl
0%
34 353 Jmerynka
0%
44 766 Jovti Vody
0%
260 367 Jytomyr
0%
75 118 Kadïvka
0%
34 749 Kakhovka
0%
65 088 Kalouch
0%
100 462 Kamianets-Podilskyï
0%
146 903 Kertch
0%
56 182 Khartsyzk
0%
271 618 Khmelnytskyï
0%
80 602 Khroustalny
0%
52 167 Komsomolsk
0%
83 543 Konotop
0%
63 525 Korosten
0%
72 888 Kostiantynivka
0%
69 089 Kovel
0%
214 291 Krementchouk
0%
219 676 Kropyvnytsky
0%
44 089 Loubny
0%
212 903 Loutsk
0%
53 126 Lozova
0%
97 935 Lyssytchansk
0%
44 980 Marhanets
0%
37 886 Myrhorod
0%
46 098 Myrnohrad
0%
36 921 Netichyn
0%
107 214 Nikopol
0%
73 283 Nizhyn
0%
44 427 Nova Kakhovka
0%
56 288 Novohrad-Volynskyï
0%
52 188 Novovolynsk
0%
46 660 Okhtyrka
0%
113 889 Oujhorod
0%
36 091 | 62 426 Pervomaïsk
0%
39 220 Podilsk
0%
240 451 Rivne
0%
59 951 Roubijne
0%
46 734 Rovenky
0%
34 152 Sambir
0%
104 828 Sievierodonetsk
0%
34 918 Slavouta
0%
68 536 Smila
0%
49 564 Snijne
0%
43 012 Sorokyne
0%
33 921 Starokostiantyniv
0%
59 425 Stryï
0%
95 153 Sverdlovsk
0%
45 312 Svitlovodsk
0%
267 361 Tcherkassy
0%
57 983 Tchornomorsk
0%
53 462 Tchystiakove
0%
34 378 Toretsk
0%
41 711 Varach
0%
37 696 Vassylkiv
0%
37 910 Volodymyr-Volynskyï
0%
40 919 Vychneve
0%
Aucun quiz correspondant
Distribution des résultats
% des personnes avec chaque résultat
Percentile par nombre de réponses
Votre historique - résultats
Vous n’avez pas pris ce quiz